000 00470nam a22001817a 4500
003 CEME
005 20210628204030.0
008 210114b xxu||||| |||| 00| 0 eng d
020 _a9780307944726
040 _cceme
082 _a378.1662 CRA
100 _aFranek, Rob
_968344
245 _aCracking the gre 2013 , proven techniques for a higher score
260 _aNEW YORK
_bRANDOM HOUSE
_c2013
300 _a715P
650 _aGRE 2013
_968345
942 _cBK
_2ddc
999 _c575945
_d575945